Rural Entrepreneurship Development in Liberalised Era/ (Record no. 185880)

MARC details
000 -LEADER
fixed length control field 00590nam a22001817a 4500
005 - DATE AND TIME OF LATEST TRANSACTION
control field 20220210151731.0
010 ## - LCCN (DPL NO)
LC control number ENG-131511
020 ## - INTERNATIONAL STANDARD BOOK NUMBER
International Standard Book Number 9789380574318
Terms of availability 695.00
035 ## - SYSTEM CONTROL NUMBER
System control number EN-115043
037 ## - SOURCE OF ACQUISITION
Source of stock number/acquisition DBAD
082 ## - DEWEY DECIMAL CLASSIFICATION NUMBER
Classification number 338.1095492
245 ## - TITLE STATEMENT
Title Rural Entrepreneurship Development in Liberalised Era/
Statement of responsibility, etc Edited by Amit Kuar Dwivedi, Anita Sukhwal
260 ## - PUBLICATION, DISTRIBUTION, ETC. (IMPRINT)
Place of publication, distribution, etc Delhi
Name of publisher, distributor, etc Bookwell
Date of publication, distribution, etc 2012
270 ## - ADDRESS
Address 3/79, Nirankari Colony
City Delhi
Postal code 110009
Electronic mail address bkwell@nde.vsnl.net.in
300 ## - PHYSICAL DESCRIPTION
Extent xiii, 287p.
Dimensions 23cm(hbk)
700 ## - ADDED ENTRY--PERSONAL NAME
Personal name Sukhwal, Anita
942 ## - ADDED ENTRY ELEMENTS (KOHA)
Source of classification or shelving scheme Dewey Decimal Classification
Item type English Books
Classification part 338.1095492
Call number suffix RUR
Holdings
Withdrawn status Lost status Not for loan Collection code Home library Current library Date acquired Source of acquisition Cost, normal purchase price Full call number Barcode Copy number Cost, replacement price Koha item type
      Non-fiction Bawana Bawana 10/02/2022 DBAD/PUB 695.00 338.1095492 RUR EN-115043 1 695.00 English Books

© Delhi Public Library
Hit Counter
free hit counter